Antología poètica / (Record no. 188062)

MARC details
000 -LEADER
campo de control de longitud fija 00840nam a2200229 i 4500
001 - NÚMERO DE CONTROL
campo de control 188062
003 - IDENTIFICADOR DE NÚMERO DE CONTROL
campo de control SpMaBN
005 - FECHA Y HORA DE LA ÚLTIMA TRANSACCIÓN
campo de control 20251009173356.0
008 - DATOS DE LONGITUD FIJA--INFORMACIÓN GENERAL
campo de control de longitud fija 180423s1974 sp |||| | cat d
080 ## - NÚMERO DE LA CLASIFICACIÓN DECIMAL UNIVERSAL
Número de la Clasificación Decimal Universal 821.134.1-14"18"
100 1# - ENTRADA PRINCIPAL--NOMBRE DE PERSONA
Nombre de persona Verdaguer, Jacint,
Fechas asociadas al nombre 1845-1902
9 (RLIN) 113998
245 10 - MENCIÓN DEL TÍTULO
Título Antología poètica /
Mención de responsabilidad, etc. Jacint Verdaguer ; selecció i prólegs de Carles Riba i Pere Ribot.
250 ## - MENCION DE EDICION
Mención de edición 4ª ed.
260 ## - PUBLICACIÓN, DISTRIBUCIÓN, ETC.
Lugar de publicación, distribución, etc. Barcelona :
Nombre del editor, distribuidor, etc. Selecta,
Fecha de publicación, distribución, etc. 1974.
300 ## - DESCRIPCIÓN FÍSICA
Extensión 210 p. ;
Dimensiones 18 cm.
490 1# - MENCIÓN DE SERIE
Mención de serie Biblioteca Selecta ;
Designación de volumen o secuencia 63.
Mención de serie Poesía ;
Designación de volumen o secuencia , 22
700 1# - ENTRADA AGREGADA--NOMBRE PERSONAL
Nombre de persona Riba, Carles,
Fechas asociadas al nombre 1893-1959
9 (RLIN) 96698
700 1# - ENTRADA AGREGADA--NOMBRE PERSONAL
Nombre de persona Ribot, Pere.
9 (RLIN) 96837
830 0# - PUNTO DE ACCESO ADICIONAL DE SERIE-TÍTULO UNIFORME
Título uniforme Biblioteca Selecta ;
Designación de volumen o secuencia 63.
Título uniforme Poesía ;
Designación de volumen o secuencia , 22
9 (RLIN) 225637
852 ## - LOCALIZACIÓN
Ubicación ES-MaACL
Número de control de estantería L-31942
Nota libre . - Donat. herederos de la bibl. de Mª del Pilar Costa Palacín
Holdings
Estatus retirado Estado de pérdida Estado de daño No para préstamo Biblioteca de origen Biblioteca actual Ubicación en estantería Fecha de adquisición Fuente de adquisición Total de préstamos Signatura topográfica completa Código de barras Visto por última vez Precio de reemplazo Tipo de ítem Koha
        Biblioteca del Ateneo de Madrid Biblioteca del Ateneo de Madrid Depósito 2 23/04/2018     L-31942 1198752 23/02/2023 23/02/2023 Libro impreso